NHL Trophies - Statistics

General Stats
  • This quiz has been taken 57 times
    51 since last reset
  • The average score is 9 of 12
Answer Stats
Award Hint Answer % Correct
Awarded to the Playoff victors. Named after a Lord. Stanley Cup
100%
Awarded to the top goal scorer. Named after a Canadian player who had a "Rocket" of a shot Maurice Richard Trophy
83%
Awarded to the top goaltender. Named after a former Montreal Canadiens goaltender who collapsed on the ice during a game. Vezina Trophy
83%
Awarded to the most valuable player in the playoffs. Named after a former GM. Not a con man. Conn Smythe Trophy
81%
Awarded to the Rookie of the Year. Named after the first president of the NHL. Also shares a name with the AHL playoff trophy. Calder Memorial Trophy
79%
Awarded to the player judged most valuable to his team. Established in 1924 it's been given to the player who is the heart of the team. Hart Memorial Trophy
79%
Awarded to the top team in the regular season. Shares a name with a political office. President's Trophy
77%
Awarded to the player who amasses the most points in the regular season Named after a former player, not an artist. Art Ross Trophy
72%
Awarded to the defense player who demonstrates throughout the season the greatest all-round ability in the position Named after yet another GM of an original six team. James Norris Memorial Trophy
72%
Awarded for sportsmanship and gentlemanly conduct. Named after the Lady who donated the award in 1925. Lady Byng Trophy
70%
Awarded to the forward who demonstrates the most skill in the defensive component of the game A particular brand of hot sauce may help close in on the name of this trophy... Frank J. Selke Trophy
64%
Awarded to the top coach of the year. Named after a former player, coach, and GM. Could pass for a beer company name too... Jack Adams Award
57%
No matching quizzes found
Score Distribution
Percent of People with Each Score
Percentile by Number Answered
Your Score History
You have not taken this quiz since the last reset